Financial Accounting/ (Record no. 50012)

MARC details
000 -LEADER
fixed length control field 00428nam a22001337a 4500
008 - FIXED-LENGTH DATA ELEMENTS--GENERAL INFORMATION
fixed length control field 170419b xxu||||| |||| 00| 0 eng d
020 ## - INTERNATIONAL STANDARD BOOK NUMBER
International Standard Book Number 9780471371885
050 ## - LIBRARY OF CONGRESS CALL NUMBER
Classification number HF5635
Item number . K56 2000
245 ## - TITLE STATEMENT
Title Financial Accounting/
Remainder of title Tools for Business Decision Making
Statement of responsibility, etc Paul Kimmel, Jerry J. Weygandt, Donald E. Kieso
250 ## - EDITION STATEMENT
Edition statement 2nd Edition
260 ## - PUBLICATION, DISTRIBUTION, ETC. (IMPRINT)
Place of publication, distribution, etc New York
Name of publisher, distributor, etc John Wiley and sons
Date of publication, distribution, etc 2000
300 ## - PHYSICAL DESCRIPTION
Extent 239p
Dimensions 29cm
942 ## - ADDED ENTRY ELEMENTS (KOHA)
Source of classification or shelving scheme Library of Congress Classification
Item type Book
Holdings
Withdrawn status Lost status Source of classification or shelving scheme Damaged status Not for loan Collection code Home library Current library Shelving location Date acquired Source of acquisition Cost, normal purchase price Total Checkouts Full call number Barcode Date last seen Date last borrowed Copy number Price effective from Koha item type
    Library of Congress Classification     Non-fiction Bishop Okullu Memorial Library (Limuru Campus) Bishop Okullu Memorial Library (Limuru Campus) General Circulation 19/04/2017 Donation-BFA 2250.00 7 HF5635 . K56 2000 052702 21/07/2025 04/06/2025 1 19/04/2017 Book